Statistics for Regions of Somalia (with flags)

Click here to take the quiz!

General Stats

  • This quiz has been taken 23 times
  • The average score is 3 of 5

Answer Stats

Answer% Correct
Puntland
94%
Galmudug
71%
Jubaland
65%
Hirshabelle
59%
South West
53%

Score Distribution

Percentile by Number Answered

Percent of People with Each Score

Your Score History

You have not taken this quiz